000 00338nam a22001217a 4500
999 _c9746
_d9746
003 OSt
008 201211b ||||| |||| 00| 0 eng d
245 _aIndian Journal of Industrial Relations
250 _a2014(Jan Vol.49 No.3, Apr Vol.49 No.4)
260 _aNew Delhi
_bShri Ram Centre
650 _aMechanical Engineering
942 _2ddc
_cBV